[Event "XXVI Coppa d'Oro"]
[Site "Villa Guardia ITA"]
[Date "2008.10.10"]
[Round "1"]
[White "Curioni, Franco"]
[Black "Pede, Lucio"]
[Result "1-0"]
[WhiteElo "2231"]
[BlackElo "1715"]
[PlyCount "29"]
[EventDate "2008.10.10"]

1. e4 e5 2. Nc3 Nf6 3. f4 d6 4. Nf3 Nc6 5. Bb5 Bd7 6. d3 Qe7 7. O-O a6 8. Bxc6
Bxc6 9. fxe5 dxe5 10. Bg5 Qc5+ 11. Kh1 Ng4 12. Nxe5 Nf2+ 13. Rxf2 Qxf2 14. d4
Be7 15. Ng4 1-0

[Event "XXVI Coppa d'Oro"]
[Site "Villa Guardia ITA"]
[Date "2008.10.10"]
[Round "1"]
[White "Ghelfi, Giancarlo"]
[Black "Grassetto, Gilberto"]
[Result "0-1"]
[WhiteElo "1559"]
[BlackElo "1886"]
[PlyCount "56"]
[EventDate "2008.10.10"]

1. e4 c5 2. Nf3 d6 3. d4 cxd4 4. Nxd4 Nf6 5. Nc3 a6 6. Bg5 e6 7. f4 Nbd7 8. Qf3
Qc7 9. O-O-O Be7 10. g4 b5 11. Bxf6 Nxf6 12. g5 Nd7 13. f5 Bxg5+ 14. Kb1 Ne5
15. Qh5 Bf6 16. fxe6 O-O 17. Bh3 Kh8 18. Nd5 Qd8 19. Rhf1 g6 20. Qh6 Bg7 21. e7
Bxh6 22. exd8=Q Rxd8 23. Bxc8 Raxc8 24. Nb3 Rf8 25. Na5 Bg7 26. Nb7 Nc4 27. Nb6
Nxb6 28. Nxd6 Rc7 0-1

[Event "XXVI Coppa d'Oro"]
[Site "Villa Guardia ITA"]
[Date "2008.10.10"]
[Round "1"]
[White "Larghi, Riccardo"]
[Black "Boffi, Luigi"]
[Result "1-0"]
[WhiteElo "1897"]
[BlackElo "1560"]
[PlyCount "79"]
[EventDate "2008.10.10"]

1. Nf3 Nf6 2. d4 d5 3. c4 e6 4. Nc3 c5 5. e3 Nc6 6. cxd5 Nxd5 7. Be2 cxd4 8.
exd4 Be7 9. O-O O-O 10. Re1 a6 11. Bf1 b5 12. g3 Bb7 13. Bg2 Na5 14. Nxd5 Bxd5
15. b3 Rc8 16. Bf4 Nc6 17. Qd3 Nb4 18. Qe2 Nc2 19. h4 Nxa1 20. Rxa1 Bf6 21. Be5
Bxe5 22. dxe5 Qc7 23. Ng5 Bxg2 24. Kxg2 h6 25. Nf3 Rfd8 26. g4 Qc3 27. Re1 Qc2
28. Qe3 Qxa2 29. g5 hxg5 30. Nxg5 Qc2 31. Ne4 Qd3 32. Qg5 Kf8 33. Re3 Qd5 34.
Qh5 Qd1 35. Rf3 Rc7 36. Qh8+ Ke7 37. Qxg7 Rf8 38. Nd6 Qd5 39. Kg3 Rg8 40. Rxf7+
1-0

[Event "XXVI Coppa d'Oro"]
[Site "Villa Guardia ITA"]
[Date "2008.10.10"]
[Round "1"]
[White "Lotti, Riccardo"]
[Black "Giaracuni, Claudio"]
[Result "1/2-1/2"]
[WhiteElo "1374"]
[BlackElo "1780"]
[PlyCount "80"]
[EventDate "2008.10.10"]

1. Nf3 Nf6 2. g3 c5 3. Bg2 Nc6 4. O-O d5 5. d3 e6 6. c3 Bd6 7. Nbd2 b6 8. e4
dxe4 9. dxe4 Bb7 10. Qe2 e5 11. b3 O-O 12. Bb2 Qe7 13. a3 Rfd8 14. Rad1 Rd7 15.
b4 Rad8 16. Nc4 Bc7 17. Rd2 b5 18. Ne3 Rxd2 19. Nxd2 c4 20. Rd1 a5 21. bxa5
Nxa5 22. Nd5 Nxd5 23. exd5 Bxd5 24. Bxd5 Rxd5 25. Qe4 Rd7 26. Qe2 Nb3 27. Nxb3
cxb3 28. Rxd7 Qxd7 29. Kg2 f6 30. h3 Qd5+ 31. f3 f5 32. Bc1 Qc4 33. Qxc4+ bxc4
34. Bb2 Kf7 35. Kf2 Ke6 36. Ke3 f4+ 37. gxf4 exf4+ 38. Ke4 Bb6 39. Kxf4 Kd5 40.
h4 Bc5 1/2-1/2

[Event "XXVI Coppa d'Oro"]
[Site "Villa Guardia ITA"]
[Date "2008.10.10"]
[Round "1"]
[White "Monetti, Egidio"]
[Black "Cardani, Roberto"]
[Result "1/2-1/2"]
[WhiteElo "1628"]
[BlackElo "1900"]
[PlyCount "62"]
[EventDate "2008.10.10"]

1. Nf3 Nf6 2. d4 g6 3. c4 Bg7 4. Nc3 d5 5. e3 c6 6. h3 O-O 7. Be2 dxc4 8. Bxc4
b5 9. Bd3 Nbd7 10. O-O b4 11. Ne4 Bb7 12. Qc2 Nxe4 13. Bxe4 Rc8 14. a3 a5 15.
axb4 axb4 16. Bd2 Qb6 17. Qb3 c5 18. Bxb7 Qxb7 19. dxc5 Nxc5 20. Qxb4 Qxb4 21.
Bxb4 Bxb2 22. Ra7 Rfe8 23. Rd1 Bf6 24. Rc1 Ne4 25. Rac7 Rxc7 26. Rxc7 e6 27. g4
Rb8 28. Rc4 Ng5 29. Nxg5 Bxg5 30. Bc3 Be7 31. Be5 Ra8 1/2-1/2

[Event "XXVI Coppa d'Oro"]
[Site "Villa Guardia ITA"]
[Date "2008.10.10"]
[Round "1"]
[White "Zuccoli, Maurizio"]
[Black "Moioli, Ferruccio"]
[Result "1-0"]
[WhiteElo "1861"]
[BlackElo "1545"]
[PlyCount "97"]
[EventDate "2008.10.10"]

1. e4 e5 2. Nf3 Nc6 3. Bc4 h6 4. Nc3 Nf6 5. O-O Bc5 6. a3 O-O 7. d3 d6 8. h3
Bd7 9. b4 Bb6 10. Na4 Nd4 11. Nxb6 Nxf3+ 12. Qxf3 axb6 13. Bd2 b5 14. Bb3 b6
15. Qe2 Re8 16. f4 exf4 17. Qf2 Be6 18. Bxe6 Rxe6 19. Qxf4 Qe7 20. Bc3 c5 21.
Qf3 Rd8 22. bxc5 bxc5 23. Rab1 Qa7 24. Rxb5 Qxa3 25. Bb2 Qa4 26. Rb3 c4 27. Ra1
Qc6 28. dxc4 Qxc4 29. Bxf6 gxf6 30. Qg4+ Kf8 31. Rab1 Qxc2 32. Rb8 Rde8 33. Qf4
Qc5+ 34. Kh1 Qg5 35. Rxe8+ Kxe8 36. Rb8+ Ke7 37. Rb7+ Kf8 38. Qf3 d5 39. Qa3+
Kg7 40. Rb8 Rxe4 41. Qf8+ Kg6 42. Qg8+ Kh5 43. Qxf7+ Kh4 44. Rb1 Re2 45. Rb4+
Re4 46. Rb1 d4 47. Qd7 Qe5 48. Rf1 Re1 49. Qg4# 1-0

[Event "XXVI Coppa d'Oro"]
[Site "Villa Guardia ITA"]
[Date "2008.10.17"]
[Round "2"]
[White "Boffi, Luigi"]
[Black "Liscio, Giovanni"]
[Result "0-1"]
[WhiteElo "1560"]
[BlackElo "1972"]
[PlyCount "76"]
[EventDate "2008.10.10"]

1. e4 e5 2. Nf3 Nf6 3. d3 Nc6 4. g3 Be7 5. Bg2 O-O 6. O-O d5 7. exd5 Nxd5 8.
Re1 Bf6 9. Nbd2 g6 10. Ne4 Bg7 11. a3 Re8 12. Rb1 h6 13. Bd2 Bg4 14. Qc1 h5 15.
Bh6 Bxf3 16. Bxf3 Nd4 17. Bg2 c6 18. Bxg7 Kxg7 19. Nd2 h4 20. Nf3 hxg3 21. hxg3
Qd6 22. Nxd4 exd4 23. Qg5 Nc7 24. Qg4 Rad8 25. Re2 Rxe2 26. Qxe2 Re8 27. Qg4 b6
28. f4 c5 29. f5 Re3 30. Bf3 Nd5 31. Kg2 Rxd3 32. Bxd5 Qxd5+ 33. Kh3 Rd2 34.
f6+ Kxf6 35. Qf4+ Qf5+ 36. Qxf5+ Kxf5 37. g4+ Kg5 38. Re1 Rxc2 0-1

[Event "XXVI Coppa d'Oro"]
[Site "Villa Guardia ITA"]
[Date "2008.10.17"]
[Round "2"]
[White "Cardani, Roberto"]
[Black "Lotti, Riccardo"]
[Result "1-0"]
[WhiteElo "1900"]
[BlackElo "1374"]
[PlyCount "57"]
[EventDate "2008.10.10"]

1. e4 c6 2. d4 d5 3. Nc3 dxe4 4. Nxe4 Bf5 5. Ng3 Bg6 6. h4 h6 7. Nf3 Nd7 8. h5
Bh7 9. Bd3 Bxd3 10. Qxd3 Ngf6 11. Bf4 e6 12. O-O-O Nd5 13. Bd2 Bd6 14. Ne4 Qc7
15. Nxd6+ Qxd6 16. g3 Qc7 17. c4 N5f6 18. Kb1 Ng4 19. Qe2 O-O-O 20. Bc3 Ndf6
21. Ne5 Nxe5 22. dxe5 Rxd1+ 23. Rxd1 Nd7 24. Qg4 Rg8 25. f4 Nc5 26. f5 exf5 27.
Qxf5+ Ne6 28. Rf1 Rf8 29. Qxe6+ 1-0

[Event "XXVI Coppa d'Oro"]
[Site "Villa Guardia ITA"]
[Date "2008.10.17"]
[Round "2"]
[White "Cervini, Gian Piero"]
[Black "Cairoli, Camillo"]
[Result "0-1"]
[WhiteElo "1768"]
[BlackElo "1910"]
[PlyCount "62"]
[EventDate "2008.10.10"]

1. e4 c5 2. c3 d5 3. exd5 Qxd5 4. d4 Nf6 5. Be3 cxd4 6. cxd4 e6 7. Nc3 Qd8 8.
Nf3 Be7 9. Bc4 O-O 10. O-O a6 11. a4 Qc7 12. Qe2 b6 13. d5 e5 14. Rfd1 Bg4 15.
Ba2 Nbd7 16. Rac1 Qb8 17. h3 Bxf3 18. Qxf3 b5 19. axb5 axb5 20. Bb1 Rd8 21. Ne2
Nb6 22. Bxb6 Qxb6 23. Rc6 Qxc6 24. Bxh7+ Kxh7 25. dxc6 Rxd1+ 26. Kh2 e4 27. Qb3
Bd6+ 28. g3 Rd2 29. Qxb5 Rb8 30. Qf5+ Kg8 31. Nc3 e3 0-1

[Event "XXVI Coppa d'Oro"]
[Site "Villa Guardia ITA"]
[Date "2008.10.17"]
[Round "2"]
[White "Colombo, Alberto"]
[Black "Zuccoli, Maurizio"]
[Result "0-1"]
[WhiteElo "2089"]
[BlackElo "1861"]
[PlyCount "96"]
[EventDate "2008.10.10"]

1. Nf3 d5 2. d4 Nf6 3. Bg5 e6 4. Nbd2 Be7 5. e3 O-O 6. Bd3 h6 7. Bh4 Nbd7 8.
O-O b6 9. c3 c5 10. Re1 Re8 11. a4 Qc7 12. Bg3 Bd6 13. Bxd6 Qxd6 14. e4 dxe4
15. Nxe4 Nxe4 16. Bxe4 Rb8 17. Ne5 Nf6 18. Bf3 Bb7 19. Bxb7 Rxb7 20. Qf3 Qc7
21. dxc5 bxc5 22. Nc4 Nd5 23. a5 Reb8 24. g3 Rb5 25. Rad1 Rb3 26. Qe2 Kf8 27.
Rd2 Kg8 28. f4 Nf6 29. Red1 g6 30. h3 Nh5 31. Qg2 Nf6 32. Qe2 Nd5 33. Kh2 Kg7
34. Qf3 Qb7 35. Qe4 Nf6 36. Qe5 Qb5 37. Nd6 Qc6 38. Qe2 Nd5 39. Nc4 Qc7 40. Rf1
h5 41. f5 h4 42. fxe6 Qxg3+ 43. Kh1 Qxh3+ 44. Kg1 Qg3+ 45. Qg2 Qxg2+ 46. Kxg2
fxe6 47. Re2 g5 48. Kf3 Rf8+ 0-1

[Event "XXVI Coppa d'Oro"]
[Site "Villa Guardia ITA"]
[Date "2008.10.17"]
[Round "2"]
[White "Giaracuni, Claudio"]
[Black "Monetti, Egidio"]
[Result "0-1"]
[WhiteElo "1780"]
[BlackElo "1628"]
[PlyCount "82"]
[EventDate "2008.10.10"]

1. c4 Nf6 2. Nc3 e5 3. Nf3 Nc6 4. g3 Bc5 5. Bg2 O-O 6. O-O d6 7. e3 Ng4 8. h3
Nh6 9. d4 Bb6 10. a3 a5 11. dxe5 Nxe5 12. Nxe5 dxe5 13. e4 c6 14. Bxh6 gxh6 15.
Qxd8 Rxd8 16. Rad1 Bd4 17. Na4 Be6 18. Rc1 Kh8 19. Kh2 Rg8 20. Rc2 Rg7 21. f4
f5 22. exf5 Bxf5 23. Rd2 Be3 24. Re2 exf4 25. gxf4 Re8 26. Kh1 Bd3 27. Rfe1
Bxe2 28. Rxe2 Rge7 29. f5 Kg7 30. Bf3 Kf6 31. Bg4 Rd8 32. Rc2 Rd2 33. Rxd2 Bxd2
34. Nc5 h5 35. Bxh5 Kxf5 36. Bg4+ Kf6 37. Bc8 Bc1 38. Nxb7 Bxb2 39. Nxa5 Rc7
40. Bb7 Bxa3 41. Bxc6 Bb4 0-1

[Event "XXVI Coppa d'Oro"]
[Site "Villa Guardia ITA"]
[Date "2008.10.17"]
[Round "2"]
[White "Grassetto, Gilberto"]
[Black "Curioni, Franco"]
[Result "1-0"]
[WhiteElo "1886"]
[BlackElo "2231"]
[PlyCount "45"]
[EventDate "2008.10.10"]

1. d4 Nf6 2. c4 e5 3. dxe5 Ng4 4. Bf4 Bb4+ 5. Nc3 Nc6 6. Nf3 Qe7 7. Qd5 Bxc3+
8. bxc3 Qa3 9. Qd2 Qc5 10. e3 b6 11. Qd5 Qa3 12. Qd3 Qa5 13. Rd1 Ngxe5 14. Nxe5
Nxe5 15. Qd4 d6 16. Bxe5 Qxe5 17. f4 Qxd4 18. cxd4 Ke7 19. Bd3 a5 20. Kf2 Re8
21. h3 h6 22. g4 Bb7 23. Rhe1 1-0

[Event "XXVI Coppa d'Oro"]
[Site "Villa Guardia ITA"]
[Date "2008.10.17"]
[Round "2"]
[White "Moioli, Ferruccio"]
[Black "Corti, Filippo"]
[Result "1/2-1/2"]
[WhiteElo "1545"]
[BlackElo "1706"]
[PlyCount "81"]
[EventDate "2008.10.10"]

1. d4 Nf6 2. Nf3 g6 3. c4 Bg7 4. Nc3 d6 5. e4 O-O 6. Be2 Nbd7 7. O-O e5 8. d5
Nc5 9. Bg5 a5 10. a3 h6 11. Bxf6 Qxf6 12. b4 axb4 13. axb4 Rxa1 14. Qxa1 Nb3
15. Qd1 Nd4 16. h3 Qe7 17. Qd3 f5 18. Nb5 fxe4 19. Qxe4 Bf5 20. Qe3 Nxb5 21.
cxb5 Qf7 22. Rc1 Ra8 23. b6 cxb6 24. Qxb6 e4 25. Nh4 Qe7 26. Nxf5 gxf5 27. Rc7
Ra1+ 28. Bf1 Qe5 29. Rxb7 Rxf1+ 30. Kxf1 Qa1+ 31. Ke2 Qb2+ 32. Kd1 Qb1+ 33. Kd2
Qd3+ 34. Kc1 Qf1+ 35. Kd2 Qd3+ 36. Kc1 Qa3+ 37. Kd1 Qa1+ 38. Ke2 Qb2+ 39. Kd1
Qb1+ 40. Kd2 Qb2+ 41. Kd1 1/2-1/2

[Event "XXVI Coppa d'Oro"]
[Site "Villa Guardia ITA"]
[Date "2008.10.17"]
[Round "2"]
[White "Pede, Lucio"]
[Black "Laricini, Alberto"]
[Result "0-1"]
[WhiteElo "1715"]
[BlackElo "1697"]
[PlyCount "84"]
[EventDate "2008.10.10"]

1. e4 Nf6 2. Qf3 Nc6 3. c3 e5 4. Bc4 d6 5. Ne2 Bg4 6. Qe3 Be7 7. f3 Bd7 8. d4
exd4 9. cxd4 O-O 10. Nbc3 Re8 11. Bd2 a6 12. Rc1 h6 13. Nf4 Bf8 14. O-O Na7 15.
Qf2 Nb5 16. Qg3 Nxd4 17. Ng6 Ne6 18. Nxf8 Kxf8 19. f4 b5 20. Bxe6 Bxe6 21. b3
b4 22. f5 Bd7 23. e5 Rxe5 24. Nb1 Rb8 25. Rce1 Rxf5 26. Rxf5 Bxf5 27. Qf2 Bxb1
28. Rxb1 Ne4 29. Qd4 Nxd2 30. Qxd2 Qf6 31. Rf1 Qe5 32. Re1 Qc5+ 33. Kh1 Re8 34.
Rc1 Re2 35. Qf4 Rf2 36. Rxc5 Rxf4 37. Rc1 c5 38. g3 Rf2 39. Ra1 Rb2 40. a3 a5
41. axb4 axb4 42. Ra6 Ke7 0-1

[Event "XXVI Coppa d'Oro"]
[Site "Villa Guardia ITA"]
[Date "2008.10.17"]
[Round "2"]
[White "Raineri, Pieroberto"]
[Black "Ghelfi, Giancarlo"]
[Result "1/2-1/2"]
[WhiteElo "1699"]
[BlackElo "1559"]
[PlyCount "62"]
[EventDate "2008.10.10"]

1. d4 Nf6 2. c4 g6 3. Nc3 Bg7 4. e4 d6 5. f3 O-O 6. Bg5 h6 7. Be3 e5 8. d5 a6
9. Nge2 Nbd7 10. Qd2 b6 11. Bxh6 Nxe4 12. Nxe4 Qh4+ 13. g3 Qxh6 14. Qxh6 Bxh6
15. g4 Nc5 16. N2c3 Nxe4 17. Nxe4 f5 18. gxf5 Bxf5 19. h4 Bxe4 20. fxe4 Rf4 21.
Bg2 Raf8 22. h5 g5 23. O-O-O g4 24. Kb1 Rf2 25. Rhg1 Kg7 26. Bh3 Kh8 27. Bxg4
R8f4 28. Bf5 Rh2 29. Rg6 Rff2 30. Rxh6+ Kg7 31. Rg6+ Kh8 1/2-1/2

[Event "XXVI Coppa d'Oro"]
[Site "Villa Guardia ITA"]
[Date "2008.10.24"]
[Round "3"]
[White "Cairoli, Camillo"]
[Black "Grassetto, Gilberto"]
[Result "1-0"]
[WhiteElo "1910"]
[BlackElo "1886"]
[PlyCount "119"]
[EventDate "2008.10.10"]

1. e4 c5 2. Nf3 d6 3. d4 cxd4 4. Nxd4 Nf6 5. Nc3 a6 6. f3 e6 7. Be3 Qc7 8. Qd2
Nbd7 9. g4 Ne5 10. O-O-O b5 11. g5 Nfd7 12. f4 Nc4 13. Bxc4 Qxc4 14. b3 Qc7 15.
f5 e5 16. Nd5 Qb8 17. Nc6 Qb7 18. Na5 Qb8 19. f6 gxf6 20. gxf6 Bb7 21. Nxb7
Qxb7 22. Rhg1 a5 23. Kb1 h5 24. h4 b4 25. Rg2 a4 26. Rdg1 axb3 27. cxb3 Rc8 28.
Rc1 Nc5 29. Rc4 Na6 30. Qc2 Rxc4 31. Qxc4 Bh6 32. Bxh6 Rxh6 33. Qxa6 Qxa6 34.
Nc7+ Kd7 35. Nxa6 Rxf6 36. Nxb4 Rf4 37. Nd5 Rxh4 38. Kc2 Ke6 39. Nc3 Rg4 40.
Rh2 h4 41. a4 f5 42. exf5+ Kxf5 43. Nd1 Kg5 44. a5 Kf4 45. a6 Kg3 46. Rd2 h3
47. Ne3 Rf4 48. a7 Rf8 49. Rxd6 h2 50. Nf1+ Rxf1 51. Rg6+ Kh4 52. Rh6+ Kg5 53.
Rxh2 Rf8 54. b4 Ra8 55. Rh7 Kg6 56. Rc7 Kf6 57. b5 Ke6 58. b6 Kd6 59. Rb7 Rc8+
60. Kd2 1-0

[Event "XXVI Coppa d'Oro"]
[Site "Villa Guardia ITA"]
[Date "2008.10.24"]
[Round "3"]
[White "Curioni, Franco"]
[Black "Cervini, Gian Piero"]
[Result "1/2-1/2"]
[WhiteElo "2231"]
[BlackElo "1768"]
[PlyCount "21"]
[EventDate "2008.10.10"]

1. e4 g6 2. d4 Bg7 3. Nf3 d6 4. Be2 Nf6 5. Nc3 O-O 6. O-O e6 7. Bg5 h6 8. Be3
Nc6 9. h3 a6 10. Qd2 Kh7 11. Rad1 1/2-1/2

[Event "XXVI Coppa d'Oro"]
[Site "Villa Guardia ITA"]
[Date "2008.10.24"]
[Round "3"]
[White "Ghelfi, Giancarlo"]
[Black "Moioli, Ferruccio"]
[Result "0-1"]
[WhiteElo "1559"]
[BlackElo "1545"]
[PlyCount "46"]
[EventDate "2008.10.10"]

1. e4 e5 2. Nf3 Nc6 3. Bb5 d6 4. d4 exd4 5. Nxd4 Bd7 6. Nxc6 bxc6 7. Bd3 g6 8.
O-O Bg7 9. c3 Nf6 10. Bg5 O-O 11. Qd2 Qe7 12. Re1 Qe5 13. Bf4 Qh5 14. Qe2 Rab8
15. e5 Qxe2 16. Rxe2 Nd5 17. Bg3 dxe5 18. Na3 Rfe8 19. Nc4 Nf4 20. Bxf4 exf4
21. Rae1 Rxe2 22. Rxe2 Be6 23. a3 Rd8 0-1

[Event "XXVI Coppa d'Oro"]
[Site "Villa Guardia ITA"]
[Date "2008.10.24"]
[Round "3"]
[White "Laricini, Alberto"]
[Black "Calabrese, Salvatore"]
[Result "1-0"]
[WhiteElo "1697"]
[BlackElo "1251"]
[PlyCount "57"]
[EventDate "2008.10.10"]

1. d4 d5 2. Nf3 g6 3. c4 Bg7 4. Nc3 c6 5. cxd5 cxd5 6. Bg5 Qa5 7. e3 e6 8. Be2
h6 9. Bh4 g5 10. Bg3 Nc6 11. O-O Nge7 12. Nb5 Nf5 13. Nc7+ Ke7 14. Nxa8 Nxg3
15. hxg3 g4 16. Nd2 e5 17. Nb3 Qd8 18. Bxg4 Bxg4 19. Qxg4 Bf6 20. Nc5 h5 21.
Qf5 Kd6 22. Nxb7+ Ke7 23. Nxd8 Rxd8 24. Nc7 exd4 25. Nxd5+ Kf8 26. Nxf6 dxe3
27. fxe3 a5 28. Nd7+ Ke8 29. Qxf7# 1-0

[Event "XXVI Coppa d'Oro"]
[Site "Villa Guardia ITA"]
[Date "2008.10.24"]
[Round "3"]
[White "Liscio, Giovanni"]
[Black "Larghi, Riccardo"]
[Result "1-0"]
[WhiteElo "1972"]
[BlackElo "1897"]
[PlyCount "33"]
[EventDate "2008.10.10"]

1. d4 Nf6 2. c4 e6 3. Nc3 Bb4 4. Qc2 c5 5. e3 O-O 6. Nf3 b6 7. Be2 Bb7 8. O-O
cxd4 9. exd4 d5 10. cxd5 Nxd5 11. Rd1 Nd7 12. Nxd5 Bxd5 13. Ne5 Nxe5 14. dxe5
Qh4 15. Be3 Rfc8 16. Qa4 Be7 17. Rd4 1-0

[Event "XXVI Coppa d'Oro"]
[Site "Villa Guardia ITA"]
[Date "2008.10.24"]
[Round "3"]
[White "Lotti, Riccardo"]
[Black "Pede, Lucio"]
[Result "0-1"]
[WhiteElo "1374"]
[BlackElo "1715"]
[PlyCount "88"]
[EventDate "2008.10.10"]

1. Nf3 d5 2. g3 Nc6 3. Bg2 e5 4. d3 Nf6 5. c3 Be7 6. Nbd2 O-O 7. e4 dxe4 8.
dxe4 Bg4 9. h3 Bh5 10. O-O Nxe4 11. Nxe4 f5 12. Neg5 Qxd1 13. Rxd1 e4 14. g4
fxg4 15. hxg4 Bxg4 16. Be3 exf3 17. Bh3 Bxh3 18. Nxh3 Rad8 19. Rxd8 Rxd8 20.
Bg5 Bxg5 21. Nxg5 Rf8 22. Ne6 Rf7 23. Ng5 Rf6 24. Re1 h6 25. Re8+ Rf8 26. Rxf8+
Kxf8 27. Ne6+ Kf7 28. Nxc7 g5 29. Nd5 Ke6 30. Ne3 h5 31. Kh2 Ne5 32. c4 Nd3 33.
b3 Nc1 34. Kg3 Nxa2 35. Kxf3 Nc1 36. b4 Nd3 37. b5 a5 38. Ke2 Ne5 39. c5 Nd7
40. c6 bxc6 41. bxc6 Nb6 42. c7 Kd7 43. Nc4 Nxc4 44. Kd3 Nd6 0-1

[Event "XXVI Coppa d'Oro"]
[Site "Villa Guardia ITA"]
[Date "2008.10.24"]
[Round "3"]
[White "Monetti, Egidio"]
[Black "Colombo, Alberto"]
[Result "0-1"]
[WhiteElo "1628"]
[BlackElo "2089"]
[PlyCount "96"]
[EventDate "2008.10.10"]

1. Nf3 d5 2. d4 Nf6 3. Bg5 Ne4 4. e3 Bg4 5. Bh4 c6 6. Be2 Nd7 7. h3 Bf5 8. Nbd2
Ndf6 9. Ne5 Qa5 10. c3 Qb6 11. Qb3 Nxd2 12. Kxd2 Qxb3 13. axb3 Ne4+ 14. Ke1 g5
15. Bg3 Nxg3 16. fxg3 Bg7 17. Rf1 Bxe5 18. dxe5 Bg6 19. Bg4 O-O 20. Kd2 Kg7 21.
Rf2 e6 22. Be2 Rfd8 23. h4 h6 24. Raf1 Rd7 25. Bd3 Be4 26. Rh1 Rh8 27. b4 b6
28. Ra1 c5 29. bxc5 bxc5 30. Ra4 Rb8 31. b4 cxb4 32. cxb4 a5 33. Bxe4 dxe4+ 34.
Kc3 axb4+ 35. Rxb4 Rd3+ 36. Kc4 Rxb4+ 37. Kxb4 Rxe3 38. Kc5 Rxg3 39. hxg5 hxg5
40. Kd6 Kf8 41. Re2 Rd3+ 42. Kc6 e3 43. Kc7 g4 44. g3 Kg7 45. Rh2 Kg6 46. Rh4
Kg5 47. Rh7 e2 48. Rh2 e1=Q 0-1

[Event "XXVI Coppa d'Oro"]
[Site "Villa Guardia ITA"]
[Date "2008.10.24"]
[Round "3"]
[White "Zuccoli, Maurizio"]
[Black "Cardani, Roberto"]
[Result "0-1"]
[WhiteElo "1861"]
[BlackElo "1900"]
[PlyCount "56"]
[EventDate "2008.10.10"]

1. e4 c5 2. Nf3 d6 3. d4 cxd4 4. Nxd4 Nf6 5. Nc3 a6 6. Bc4 e6 7. Bg5 Be7 8. Bb3
b5 9. a3 Bb7 10. Bxf6 Bxf6 11. O-O Qb6 12. Nde2 Nd7 13. Ng3 O-O 14. Qg4 Bxc3
15. bxc3 Nf6 16. Qe2 d5 17. exd5 Nxd5 18. Qg4 Nf6 19. Qd4 Qc6 20. f3 Rac8 21.
Rad1 Qxc3 22. Qb6 Qc5+ 23. Qxc5 Rxc5 24. Rd2 Rfc8 25. Rfd1 g6 26. Kf2 Bd5 27.
Bxd5 Nxd5 28. Ne4 Rxc2 0-1

[Event "XXVI Coppa d'Oro"]
[Site "Villa Guardia ITA"]
[Date "2008.10.31"]
[Round "4"]
[White "Calabrese, Salvatore"]
[Black "Ghelfi, Giancarlo"]
[Result "0-1"]
[WhiteElo "1251"]
[BlackElo "1559"]
[PlyCount "96"]
[EventDate "2008.10.10"]

1. e4 c5 2. b3 d6 3. Bc4 Nf6 4. Nc3 e6 5. d4 Nbd7 6. Bf4 cxd4 7. Qxd4 e5 8. Qe3
exf4 9. Qxf4 Ne5 10. O-O-O Nxc4 11. bxc4 a6 12. e5 Nd7 13. exd6 Qf6 14. Qe3+
Qe6 15. Qd4 Kd8 16. Nf3 Qf6 17. Qd2 Qh6 18. Ng5 Qf6 19. Nge4 Qe6 20. Qd3 Ne5
21. Qd4 Nxc4 22. Ng5 Qf6 23. Qxc4 Qxg5+ 24. f4 Qe5 25. Rd5 Be6 26. Rhd1 Bxd5
27. Rxd5 Rc8 28. Qe4 Qxc3 29. d7 Ba3+ 30. Kd1 Qxc2+ 31. Qxc2 Rxc2 32. Kxc2 Kc7
33. d8=Q+ Rxd8 34. Rxd8 Kxd8 35. Kb3 Bc5 36. a4 b6 37. Kc4 Ke7 38. g4 f6 39. h4
g6 40. Kd5 h6 41. Kc4 Kd6 42. h5 g5 43. f5 Ke5 44. a5 Kf4 45. axb6 Bxb6 46. Kd5
Kxg4 47. Ke6 Bd4 48. Kf7 Kxh5 0-1

[Event "XXVI Coppa d'Oro"]
[Site "Villa Guardia ITA"]
[Date "2008.10.31"]
[Round "4"]
[White "Cardani, Roberto"]
[Black "Cairoli, Camillo"]
[Result "0-1"]
[WhiteElo "1900"]
[BlackElo "1910"]
[PlyCount "94"]
[EventDate "2008.10.10"]

1. e4 c5 2. Nf3 d6 3. d4 cxd4 4. Nxd4 Nf6 5. Nc3 a6 6. Be3 g6 7. f3 Bg7 8. Qd2
Nc6 9. Bc4 O-O 10. O-O-O Qc7 11. Bb3 Nxd4 12. Bxd4 Be6 13. Nd5 Bxd5 14. exd5 b5
15. h4 a5 16. a4 Rfb8 17. Qc3 Qxc3 18. Bxc3 b4 19. Bd4 Rc8 20. Kb1 Nd7 21. Rhe1
Bf8 22. g4 f6 23. f4 Kf7 24. g5 Rab8 25. Re3 Rb7 26. h5 h6 27. hxg6+ Kxg6 28.
c3 hxg5 29. Bc2+ Kf7 30. fxg5 fxg5 31. cxb4 axb4 32. Bf5 Ra8 33. b3 Nc5 34.
Bxc5 dxc5 35. d6 Rd8 36. Rf1 Kg7 37. Rh1 Kf6 38. Be4 Rbd7 39. dxe7 Rxe7 40.
Rf3+ Kg7 41. Bc2 Rde8 42. Rfh3 Re1+ 43. Kb2 Rxh1 44. Rxh1 Re3 45. Rh7+ Kf6 46.
Rh8 Bg7 47. Rd8 Ke7+ 0-1

[Event "XXVI Coppa d'Oro"]
[Site "Villa Guardia ITA"]
[Date "2008.10.31"]
[Round "4"]
[White "Cervini, Gian Piero"]
[Black "Corti, Filippo"]
[Result "0-1"]
[WhiteElo "1768"]
[BlackElo "1706"]
[PlyCount "156"]
[EventDate "2008.10.10"]

1. e4 c6 2. d4 d5 3. Nc3 dxe4 4. Nxe4 Bf5 5. Ng3 Bg6 6. Nf3 Nd7 7. h4 h6 8. h5
Bh7 9. Bd3 Bxd3 10. Qxd3 Qc7 11. Ne2 e6 12. Bf4 Bd6 13. Bxd6 Qxd6 14. O-O-O
Ngf6 15. Nd2 O-O-O 16. Nc4 Qc7 17. f4 Nd5 18. f5 e5 19. Qg3 exd4 20. Qxg7 N7f6
21. Qg3 Qxg3 22. Nxg3 Rhg8 23. Ne2 Rxg2 24. Nxd4 Kc7 25. Rhg1 Rdg8 26. Rxg2
Rxg2 27. Ne5 Rg7 28. Nef3 Nxh5 29. Rh1 Ndf6 30. Rg1 Rxg1+ 31. Nxg1 Kd6 32. Kd2
Ke5 33. Ngf3+ Ke4 34. Ke2 Ng3+ 35. Kf2 Nxf5 36. Ne2 Ng4+ 37. Kg2 Nge3+ 38. Kf2
Nxc2 39. Nc3+ Kf4 40. Ne2+ Kg4 41. Ne5+ Kh5 42. Nxf7 Ncd4 43. Nxd4 Nxd4 44. Ke3
Ne6 45. Nd6 Nd8 46. Kf4 Kg6 47. Kg4 c5 48. Nf5 h5+ 49. Kf4 Ne6+ 50. Ke5 Nd4 51.
Nd6 b6 52. Nc4 h4 53. Kf4 Nc6 54. Kg4 Kf6 55. Nd6 Ke6 56. Nb5 Kd5 57. Kxh4 Kc4
58. Nd6+ Kd3 59. Kg4 Kc2 60. Nc4 b5 61. Na3+ Kxb2 62. Nxb5 Kxa2 63. Kf4 c4 64.
Ke3 Kb3 65. Kd2 a5 66. Nc3 a4 67. Ne2 a3 68. Nc1+ Kb2 69. Kd1 a2 70. Nxa2 Kxa2
71. Kc2 Ne5 72. Kc3 Ka3 73. Kc2 Kb4 74. Kd2 c3+ 75. Kc2 Nc4 76. Kb1 Kb3 77. Ka1
Kc2 78. Ka2 Kd2 0-1

[Event "XXVI Coppa d'Oro"]
[Site "Villa Guardia ITA"]
[Date "2008.10.31"]
[Round "4"]
[White "Colombo, Alberto"]
[Black "Liscio, Giovanni"]
[Result "1/2-1/2"]
[WhiteElo "2089"]
[BlackElo "1972"]
[PlyCount "106"]
[EventDate "2008.10.10"]

1. d4 Nf6 2. Nf3 e6 3. Bg5 Be7 4. Nbd2 b6 5. e3 Bb7 6. Bd3 h6 7. Bh4 d6 8. O-O
Nbd7 9. Qe2 O-O 10. c4 c5 11. a3 a5 12. b3 Qc7 13. Rab1 Rfe8 14. e4 e5 15. Bxf6
Bxf6 16. d5 Nf8 17. Ne1 Ng6 18. g3 Bc8 19. Qh5 Bd7 20. Ng2 Qc8 21. Be2 Bh3 22.
Rfe1 Bg5 23. Nf1 Rf8 24. Nfe3 Bd7 25. h4 Bxe3 26. Nxe3 Kh7 27. Nf5 Qc7 28. Bd3
f6 29. a4 Rae8 30. Qg4 Bc8 31. Rb2 Rg8 32. h5 Nh8 33. Qh4 Nf7 34. f4 exf4 35.
e5 Nxe5 36. Rxe5 Rxe5 37. Ne7+ f5 38. Nxg8 Kxg8 39. gxf4 Re3 40. Bb1 Qd7 41.
Qf2 Qe7 42. Kf1 Bd7 43. Rd2 Kf8 44. Bc2 Be8 45. Bd1 Bf7 46. Re2 Re4 47. Re1 Qe8
48. Qh4 Rxe1+ 49. Qxe1 Bxh5 50. Bxh5 Qxh5 51. Qe6 Qf3+ 52. Kg1 Qxf4 53. Qc8+
Kf7 1/2-1/2

[Event "XXVI Coppa d'Oro"]
[Site "Villa Guardia ITA"]
[Date "2008.10.31"]
[Round "4"]
[White "Grassetto, Gilberto"]
[Black "Zuccoli, Maurizio"]
[Result "0-1"]
[WhiteElo "1886"]
[BlackElo "1861"]
[PlyCount "120"]
[EventDate "2008.10.10"]

1. d4 d5 2. Nf3 Nf6 3. a3 e6 4. c4 Be7 5. e3 Nbd7 6. Nbd2 O-O 7. Qc2 Re8 8. b4
dxc4 9. Bxc4 b6 10. Bb2 Bb7 11. O-O Nf8 12. Rac1 a6 13. Rfd1 Rc8 14. Qb1 Ng6
15. Ne1 Nd5 16. Qd3 b5 17. Ba2 Bf8 18. Ne4 Bxb4 19. Nc5 Bxc5 20. Rxc5 Nb6 21.
Ba1 Na4 22. Rcc1 Qg5 23. Bb3 Nb6 24. Rc5 Qe7 25. Bb2 Nd7 26. Rcc1 Nf6 27. f3
Red8 28. e4 c5 29. Qe3 c4 30. Ba2 h6 31. Bb1 Nh5 32. g3 Qc7 33. e5 f5 34. exf6
Nf8 35. fxg7 Qxg7 36. Qe2 Bd5 37. Ng2 Ng6 38. Bxg6 Qxg6 39. Rc3 Rf8 40. Re3 Rf7
41. Rf1 Rcf8 42. Bc3 Kh7 43. Bb4 Rg8 44. Nh4 Qg5 45. Kh1 Qg4 46. Re5 Nxg3+ 47.
hxg3 Qh3+ 48. Kg1 Qxh4 49. g4 Qg3+ 50. Qg2 Rxg4 51. Qxg3 Rxg3+ 52. Kh2 Rfxf3
53. Rxf3 Rxf3 54. Re1 Rd3 55. Bc5 c3 56. Rc1 Rd2+ 57. Kg3 c2 58. Kf4 Bb3 59. d5
exd5 60. Be3 Rd1 0-1